000 00729nam a2200253Ia 4500
003 OSt
005 20220927111250.0
006 a|||||r|||| 00| 0
007 ta
008 220926b |||||||| |||| 00| 0 eng d
024 _a107772
037 _cReports
040 _aRTL
_cRTL
_beng
041 _2eng
_aeng
082 _a"X9(KZ332):2.5932.N8, M5/UN"
110 _a"United Nations, Food and Agriculture Organization"
245 0 _aCommon carp
260 _aRome
_bFAO
_c1985
490 _vPt 1
650 _aAnimal Husbandary
700 _a"United Nations, Food and Agriculture Organization"
942 _h"X9(KZ332):2.5932.N8, M5/UN"
_cCC
999 _c698911
_d698911